000 00584nam 22001933 4500
001 201162
021 _b83973
090 _a201162
100 _a20231017d u||y0pory50 ba
200 _aPsiché
_fFernando Campos
210 _aLisboa
_cDifel - Difusão Editorial
_dimp.1987
215 _a280 p.
_cBrochado
_d23 cm
317 _a. - Oferta com dedicatória ao Prof. Dr. Almeida Faria em 1987
606 _aLiteratura Portuguesa
_96
675 _a821.134.3
_vPT
_zpor
700 _91774
_aCampos
_bFernando
_f1924-2017
801 _aPT
_bBMMN
_gRPC
830 _cAna Falardo
_fAna Falardo
990 _cLIVROS